[Event "2021 Server Team Champ, S10530"]
[Site "CCLA"]
[Date "2021.10.15"]
[Round "?"]
[White "Williams, Rufus H."]
[Black "Nurmi, Ronald"]
[Result "0-1"]
[WhiteElo "919"]
[BlackElo "2076"]
[Board "6"]
[WhiteTeam "Woodpushers"]
[BlackTeam "Pawntastics"]

1. d4 d5 2. Nf3 Nf6 3. Nc3 e6 4. Bg5 Be7 5. Qd2 Nbd7 6. O-O-O c5 7. e3 a6 
8. Bh4 O-O 9. h3 b5 10. dxc5 Nxc5 11. Kb1 Bb7 12. g3 b4 13. Ne2 a5 14. Bg2
Nce4 15. Qe1 a4 16. Ne5 b3 17. cxb3 axb3 18. axb3 Qb6 19. Bxf6 Qa6 20. Kc2
Bxf6 21. Bxe4 Bxe5 22. g4 dxe4 23. Nc3 Bxc3 24. Qxc3 Rfc8 25. Qxc8+ Rxc8+ 
26. Kb1 Qd3+ 27. Rxd3 exd3 28. Rd1 Be4 29. g5 d2+ 0-1

[Event "2021 Server Team Champ, S10530"]
[Site "CCLA"]
[Date "2021.10.15"]
[Round "?"]
[White "Nurmi, Ronald"]
[Black "Harris, Jarrod"]
[Result "0-1"]
[WhiteElo "2076"]
[BlackElo "1600"]
[Board "6"]
[WhiteTeam "Pawntastics"]
[BlackTeam "Norsemen"]

1. d4 Nf6 2. Bf4 d6 3. Nc3 g6 4. e4 Bg7 5. Qd2 O-O 6. O-O-O c6 7. Bh6 b5 
8. f3 b4 9. Nce2 a5 10. Bxg7 Kxg7 11. Kb1 Qb6 12. Nc1 Ba6 13. Nge2 a4 14. 
Nd3 b3 15. cxb3 axb3 16. a3 c5 17. dxc5 dxc5 18. Qc3 Kg8 19. Qxc5 Bxd3+ 
0-1

[Event "2021 Server Team Champ, S10530"]
[Site "CCLA"]
[Date "2021.10.15"]
[Round "?"]
[White "Nurmi, Ronald"]
[Black "Catania, Duane"]
[Result "0-1"]
[WhiteElo "2076"]
[BlackElo "1594"]
[Board "6"]
[WhiteTeam "Pawntastics"]
[BlackTeam "Castles West"]

1. d4 e6 2. Bf4 Nf6 3. e3 d5 4. Nf3 c5 5. c3 Nc6 6. Nbd2 Be7 7. Bd3 O-O 8.
 Ne5 cxd4 9. exd4 Bd6 10. O-O Ne7 11. Rc1 Ng6 12. Nxg6 hxg6 13. Bxd6 Qxd6 
14. Nf3 b6 15. Re1 Bb7 16. Ne5 Rac8 17. Re3 Nd7 18. Qg4 Nxe5 19. dxe5 Qe7 
20. Re2 Rfd8 21. Rcc2 Bc6 22. h4 Be8 23. Re3 b5 24. g3 a5 25. f4 b4 26. 
cxb4 Rxc2 27. Bxc2 Qxb4 28. Rb3 Qe1+ 0-1

[Event "2021 Server Team Champ, S10530"]
[Site "CCLA"]
[Date "2021.10.15"]
[Round "?"]
[White "Nurmi, Ronald"]
[Black "Williams, Rufus H."]
[Result "1-0"]
[WhiteElo "2076"]
[BlackElo "919"]
[Board "6"]
[WhiteTeam "Pawntastics"]
[BlackTeam "Woodpushers"]

1. d4 Nf6 2. Bf4 d5 3. e3 Bf5 4. c4 e6 5. Nc3 Bd6 6. Bg3 O-O 7. Nf3 Nbd7 
8. Nh4 Bg6 9. Nxg6 fxg6 10. Bxd6 cxd6 11. Be2 a6 12. O-O dxc4 13. Bxc4 Re8
14. Qe2 Qc7 15. Bd3 b5 16. e4 Qb6 17. Qe3 e5 18. d5 Qb7 19. b4 Qc7 20. 
Rac1 Qd8 21. h3 Rf8 22. a3 h6 23. f4 exf4 24. Qxf4 Ne5 25. Bb1 Nh5 26. Qd2
Qb6+ 27. Kh2 Rxf1 28. Rxf1 Rf8 29. Rxf8+ Kxf8 30. Bc2 g5 31. Ne2 Qd8 32. 
Nd4 Nc4 33. Ne6+ Kg8 34. Qd4 Qd7 35. a4 Kh8 36. axb5 Qxb5 37. Bd3 Qxb4 38.
 Qxc4 Qxc4 39. Bxc4 a5 40. Nc7 a4 41. Nb5 Nf6 42. Nxd6 a3 43. e5 Nd7 44. 
e6 Kg8 45. exd7 1-0

[Event "2021 Server Team Champ, S10530"]
[Site "CCLA"]
[Date "2021.10.15"]
[Round "?"]
[White "Smiley, William R."]
[Black "Berger, Byron"]
[Result "1-0"]
[WhiteElo "1873"]
[BlackElo "1810"]
[Board "5"]
[WhiteTeam "Norsemen"]
[BlackTeam "Woodpushers"]

1. e4 e6 2. d4 d5 3. exd5 exd5 4. Nf3 Nf6 5. Bg5 Be7 6. Bd3 Bg4 7. h3 Bh5 
8. Nbd2 h6 9. Bf4 O-O 10. g4 Bg6 11. Bxg6 fxg6 12. Be3 Nc6 13. c3 Qd7 14. 
Ne5 Nxe5 15. dxe5 Ne8 16. Nf3 c6 17. Qe2 Nc7 18. O-O-O Qe6 19. Kb1 c5 20. 
Rhf1 Rae8 21. Rde1 d4 22. cxd4 cxd4 23. Nxd4 Qxe5 24. Qc4+ Kh7 25. Bxh6 
Qc5 26. Qxc5 Bxc5 27. Be3 b6 28. Nc2 Nd5 29. Bxc5 bxc5 30. Rxe8 Rxe8 31. 
Kc1 Kh6 32. h4 Re4 33. Rg1 Rf4 34. Rd1 Ne7 35. Rd7 Nc6 36. Rc7 Nd4 37. 
Rxc5 Rxg4 38. Rc7 Nxc2 39. Kxc2 Rxh4 40. Rxa7 Rf4 41. a4 Rxf2+ 42. Kb3 g5 
43. a5 g4 44. Re7 g3 45. a6 g2 46. a7 Rf3+ 47. Ka2 g1=Q 48. a8=Q Rf1 49. 
Qh8+ Kg6 50. Rxg7+ 1-0

[Event "2021 Server Team Champ, S10530"]
[Site "CCLA"]
[Date "2021.10.15"]
[Round "?"]
[White "Smiley, William R."]
[Black "Rouse, LaMont"]
[Result "1/2-1/2"]
[WhiteElo "1873"]
[BlackElo "1400"]
[Board "5"]
[WhiteTeam "Norsemen"]
[BlackTeam "Pawntastics"]

1. e4 d5 2. exd5 Nf6 3. d4 Qxd5 4. Nc3 Qd8 5. Bf4 c6 6. Bc4 e6 7. Nf3 Be7 
8. O-O O-O 9. Re1 Nbd7 10. Qe2 Nb6 11. Bb3 Nbd5 12. Bd2 Nxc3 13. Bxc3 Nd5 
14. Bd2 Bf6 15. c3 g6 16. Bc2 Bg7 17. h4 h5 18. Ne5 Qc7 19. g4 hxg4 20. 
Qxg4 Nf6 21. Qg2 Re8 22. Nxf7 Qxf7 23. Bxg6 Qe7 24. Bxe8 Qxe8 25. Re5 Bd7 
26. Bh6 Qf7 27. Kh1 Kf8 28. Bxg7+ Qxg7 29. Qxg7+ Kxg7 30. Rg1+ Kf7 31. 
Reg5 Rg8 32. Rxg8 Nxg8 33. h5 Nh6 34. Kh2 Be8 35. Kg3 Kf6 36. Rh1 Kg5 37. 
f4+ Kf5 1/2-1/2

[Event "2021 Server Team Champ, S10530"]
[Site "CCLA"]
[Date "2021.10.15"]
[Round "?"]
[White "Berger, Byron"]
[Black "Smiley, William R."]
[Result "1-0"]
[WhiteElo "1810"]
[BlackElo "1873"]
[Board "5"]
[WhiteTeam "Woodpushers"]
[BlackTeam "Norsemen"]

1. Nc3 e5 2. e4 Nf6 3. f4 d5 4. fxe5 Nxe4 5. Nf3 Nxc3 6. bxc3 Be7 7. d4 
O-O 8. Bd3 Bg4 9. O-O Nd7 10. h3 Be6 11. Qd2 f5 12. a4 c5 13. Ng5 Bxg5 14.
 Qxg5 Qxg5 15. Bxg5 h6 16. Bf4 c4 17. Be2 Kh7 18. Rab1 b6 19. Rb5 Rab8 20.
 Rfb1 g5 21. Bd2 Kg6 22. Kf2 Rf7 23. Bf3 a6 24. Bxd5 axb5 25. Bxe6 bxa4 
26. Bxf7+ Kxf7 27. Kf3 Ke6 28. g4 f4 29. Bc1 b5 30. Ke4 Nxe5 31. dxe5 Rb7 
32. Ba3 Rb8 33. Rd1 1-0

[Event "2021 Server Team Champ, S10530"]
[Site "CCLA"]
[Date "2021.10.15"]
[Round "?"]
[White "Berger, Byron"]
[Black "Rouse, LaMont"]
[Result "1-0"]
[WhiteElo "1810"]
[BlackElo "1400"]
[Board "5"]
[WhiteTeam "Woodpushers"]
[BlackTeam "Pawntastics"]

1. Nc3 b6 2. d4 Bb7 3. e4 e6 4. Bd3 d6 5. Be3 Nf6 6. Nf3 Be7 7. Qd2 O-O 8.
 O-O-O c5 9. d5 exd5 10. exd5 Nbd7 11. h3 a6 12. g4 b5 13. g5 Ne8 14. h4 
c4 15. Bxh7+ Kxh7 16. Rdg1 Ne5 17. Nxe5 dxe5 18. g6+ fxg6 19. h5 b4 20. 
hxg6+ Kg8 21. Qe2 Rf5 22. Qg4 bxc3 23. Qh3 cxb2+ 24. Kb1 Bh4 25. Qxf5 Qf6 
26. Qh5 Bxd5 27. Rxh4 Kf8 28. Bc5+ Nd6 29. Bxd6+ Qxd6 30. Qg5 Qe7 31. Rh8+
Bg8 32. Rxg8+ 1-0

[Event "2021 Server Team Champ, S10530"]
[Site "CCLA"]
[Date "2021.10.15"]
[Round "?"]
[White "Rouse, LaMont"]
[Black "Smiley, William R."]
[Result "1/2-1/2"]
[WhiteElo "1400"]
[BlackElo "1873"]
[Board "5"]
[WhiteTeam "Pawntastics"]
[BlackTeam "Norsemen"]

1. Nc3 d5 2. e4 dxe4 3. Nxe4 e5 4. Ng3 Bd6 5. d3 Nf6 6. Nf3 O-O 7. Be2 Nc6
8. O-O Re8 9. Bg5 h6 10. Bxf6 Qxf6 11. Ne4 Qe6 12. Nxd6 cxd6 13. Nd2 Nd4 
14. Nf3 Nxe2+ 15. Qxe2 b6 16. h3 Bb7 17. b3 Rad8 18. Rac1 Qf6 19. a4 Qg6 
20. Kh2 e4 21. dxe4 Rxe4 22. Qd3 Rde8 23. Rfe1 d5 24. c4 Qd6+ 25. Kg1 
Rxe1+ 26. Nxe1 Qc5 27. Nf3 Ba6 28. Qxd5 Qxd5 29. cxd5 Rd8 30. Rd1 Be2 31. 
Rd2 Bxf3 32. gxf3 Kf8 33. Kg2 Ke7 1/2-1/2

[Event "2021 Server Team Champ, S10530"]
[Site "CCLA"]
[Date "2021.10.15"]
[Round "?"]
[White "Rouse, LaMont"]
[Black "Berger, Byron"]
[Result "1/2-1/2"]
[WhiteElo "1400"]
[BlackElo "1810"]
[Board "5"]
[WhiteTeam "Pawntastics"]
[BlackTeam "Woodpushers"]

1. Nc3 f5 2. d4 e6 3. Nf3 Bb4 4. e3 Bxc3+ 5. bxc3 Nf6 6. Bc4 O-O 7. O-O d6
8. a4 a5 9. Ba2 Qe8 10. Ba3 Kh8 11. Bb3 Nc6 12. h3 e5 13. dxe5 dxe5 14. 
Qd2 Rf7 15. Bxf7 Qxf7 16. Rfd1 Bd7 17. Qe2 Qg6 18. Kf1 e4 19. Nd4 Ne5 20. 
Nb5 c6 21. Nd4 Nh5 22. Rab1 f4 23. Qd2 fxe3 24. Qxe3 Rb8 25. Rb6 Nc4 26. 
Qc1 Nxb6 27. Nb3 Nc4 28. Rxd7 Nxa3 29. Qxa3 h6 30. Qd6 Qxd6 31. Rxd6 Nf4 
32. Nc5 b6 33. Nxe4 c5 34. f3 Kg8 35. Kf2 Kf7 36. Rd7+ Kg6 37. Rd6+ 
1/2-1/2

[Event "2021 Server Team Champ, S10530"]
[Site "CCLA"]
[Date "2021.10.15"]
[Round "?"]
[White "Tedesco, Matthew"]
[Black "Smolensky, Randy"]
[Result "1-0"]
[WhiteElo "2343"]
[BlackElo "1752"]
[Board "1"]
[WhiteTeam "Norsemen"]
[BlackTeam "Castles West"]

1. d4 Nf6 2. Nc3 d5 3. Bf4 c6 4. e3 Bf5 5. f3 e6 6. g4 Bg6 7. h4 h6 8. Bd3
Bxd3 9. Qxd3 Bd6 10. Nge2 Bxf4 11. Nxf4 Nbd7 12. O-O-O Qc7 13. g5 hxg5 14.
 hxg5 Rxh1 15. Rxh1 Ng8 16. Qh7 O-O-O 17. Qxg7 e5 18. Nd3 exd4 19. exd4 
Qg3 20. f4 Qe3+ 21. Kb1 Nb6 22. Re1 1-0

[Event "2021 Server Team Champ, S10530"]
[Site "CCLA"]
[Date "2021.10.15"]
[Round "?"]
[White "Tedesco, Matthew"]
[Black "Tripp, Glenn"]
[Result "1-0"]
[WhiteElo "2343"]
[BlackElo "2236"]
[Board "1"]
[WhiteTeam "Norsemen"]
[BlackTeam "Woodpushers"]

1. d4 Nf6 2. Nc3 d5 3. Bf4 Bf5 4. f3 e6 5. g4 Bg6 6. h4 h5 7. g5 Nfd7 8. 
e3 a6 9. Bd3 Bxd3 10. Qxd3 g6 11. e4 c6 12. O-O-O Bg7 13. Nge2 b5 14. Ng3 
Nb6 15. Nce2 N8d7 16. Rhe1 O-O 17. e5 Re8 18. Rg1 c5 19. c3 b4 20. cxb4 
cxb4 21. Kb1 Nc4 22. Rg2 Rc8 23. Rdg1 Qb6 24. Nxh5 Na3+ 25. bxa3 bxa3+ 26.
 Qb3 gxh5 27. Qxb6 Nxb6 28. Ng3 Re7 29. Nxh5 Rb7 30. Nf6+ Kh8 31. Ka1 Na4 
32. g6 fxg6 33. Rxg6 Bxf6 34. exf6 Nc3 35. f7 Rxf7 36. Rh6+ Rh7 37. Be5# 
1-0

[Event "2021 Server Team Champ, S10530"]
[Site "CCLA"]
[Date "2021.10.15"]
[Round "?"]
[White "Smolensky, Randy"]
[Black "Tedesco, Matthew"]
[Result "0-1"]
[WhiteElo "1752"]
[BlackElo "2343"]
[Board "1"]
[WhiteTeam "Castles West"]
[BlackTeam "Norsemen"]

1. e4 e6 2. d4 d5 3. e5 c5 4. c3 Nc6 5. Nf3 Bd7 6. dxc5 Bxc5 7. Bd3 f6 8. 
exf6 Nxf6 9. O-O O-O 10. Nbd2 e5 11. Bc2 e4 12. Ng5 h6 13. Ngxe4 dxe4 14. 
Nxe4 Nxe4 15. Bxe4 Qe7 16. Qc2 Rf6 17. Bd2 Raf8 18. Be1 Ne5 19. Bxb7 Bf5 
20. Bd5+ Kh8 0-1

[Event "2021 Server Team Champ, S10530"]
[Site "CCLA"]
[Date "2021.10.15"]
[Round "?"]
[White "Smolensky, Randy"]
[Black "Tripp, Glenn"]
[Result "1/2-1/2"]
[WhiteElo "1752"]
[BlackElo "2236"]
[Board "1"]
[WhiteTeam "Castles West"]
[BlackTeam "Woodpushers"]

1. e4 c5 2. Nf3 d6 3. d4 cxd4 4. Nxd4 Nf6 5. Nc3 a6 6. Bc4 e6 7. Bb3 Nc6 
8. O-O Be7 9. Be3 O-O 10. f4 Nxd4 11. Bxd4 b5 12. a3 Bb7 13. Qe2 a5 14. 
Rfe1 b4 15. axb4 axb4 16. Rxa8 Bxa8 17. Nd5 exd5 18. exd5 Re8 19. Bxf6 
gxf6 20. Ba4 Qb6+ 21. Kh1 Rf8 22. Qxe7 Bxd5 23. Qxf6 Qf2 24. Qg5+ Kh8 25. 
Qf6+ Kg8 1/2-1/2

[Event "2021 Server Team Champ, S10530"]
[Site "CCLA"]
[Date "2021.10.15"]
[Round "?"]
[White "Tripp, Glenn"]
[Black "Tedesco, Matthew"]
[Result "1/2-1/2"]
[WhiteElo "2236"]
[BlackElo "2343"]
[Board "1"]
[WhiteTeam "Woodpushers"]
[BlackTeam "Norsemen"]

1. e4 e6 2. d4 d5 3. Nc3 Bb4 4. e5 Ne7 5. a3 Bxc3+ 6. bxc3 c5 7. Qg4 Qc7 
8. Bd3 cxd4 9. Ne2 dxc3 10. Qxg7 Rg8 11. Qxh7 Qxe5 12. h4 Nd7 13. Bf4 Qf6 
14. Bg5 Qh8 15. Qxh8 Rxh8 16. Nxc3 a6 17. O-O-O f6 18. Be3 b5 19. f4 Bb7 
20. h5 Kf7 21. Rh4 Rac8 22. Kb2 e5 23. fxe5 fxe5 24. Bg6+ Ke6 25. Bg5 Nxg6
26. hxg6 Rxh4 27. Bxh4 Rg8 28. g3 d4 29. Nb1 Nc5 30. Nd2 Rxg6 31. Nb3 Na4+
32. Kc1 Bd5 33. Rf1 Bc4 34. Rf8 Nc3 35. Re8+ Kd5 36. Nd2 Re6 37. Rd8+ Rd6 
38. Rf8 Ne2+ 39. Kd1 Nc3+ 40. Ke1 Ne4 41. Nxe4 Kxe4 42. Rf6 Rxf6 43. Bxf6 
a5 44. g4 Be6 45. g5 Bf5 46. Kd2 Kd5 47. c3 d3 48. Bd8 a4 49. Bb6 e4 50. 
Bd8 Ke6 51. c4 bxc4 52. Ba5 Kf7 53. Bc3 Kg6 54. Bf6 Kh5 55. Ke3 Kg4 56. 
Bc3 Kxg5 57. Bd4 Kg4 58. Bc3 Kg3 59. Bb4 Kg2 60. Bc3 Bh7 61. Bb4 Bf5 62. 
Bc3 Kf1 63. Bd2 Bh7 64. Bb4 Bg6 65. Bd2 Kg2 66. Bb4 Kf1 67. Bd2 1/2-1/2

[Event "2021 Server Team Champ, S10530"]
[Site "CCLA"]
[Date "2021.10.15"]
[Round "?"]
[White "Tripp, Glenn"]
[Black "Smolensky, Randy"]
[Result "1/2-1/2"]
[WhiteElo "2236"]
[BlackElo "1752"]
[Board "1"]
[WhiteTeam "Woodpushers"]
[BlackTeam "Castles West"]

1. e4 e5 2. Nf3 Nc6 3. Bb5 Nge7 4. Nc3 d6 5. d4 a6 6. Be2 Nxd4 7. Nxd4 
exd4 8. Qxd4 Nc6 9. Qd2 Be7 10. Nd5 O-O 11. O-O Be6 12. Nxe7+ Qxe7 13. Re1
Rfe8 14. Qc3 f6 15. Qg3 Rad8 16. c4 Qf7 17. b3 Rd7 18. Bb2 Rde7 19. a3 Bd7
20. Bd3 Ne5 21. Bc2 Qg6 22. Bxe5 dxe5 23. Re3 Qxg3 24. Rxg3 Bc6 1/2-1/2

[Event "2021 Server Team Champ, S10530"]
[Site "CCLA"]
[Date "2021.10.15"]
[Round "?"]
[White "Zarges, Ron V."]
[Black "Shannon, Paul D."]
[Result "1/2-1/2"]
[WhiteElo "2184"]
[BlackElo "1934"]
[Board "2"]
[WhiteTeam "Norsemen"]
[BlackTeam "Castles West"]

1. e4 e5 2. Nf3 Nc6 3. Bb5 a6 4. Ba4 Nf6 5. O-O b5 6. Bb3 Bb7 7. d3 Bd6 8.
 a3 O-O 9. Bg5 h6 10. Bh4 Na5 11. Ba2 c5 12. Nc3 Re8 13. Bxf6 Qxf6 14. Nd5
Qd8 15. Ne3 Bf8 16. Bd5 Bxd5 17. Nxd5 Nc6 18. c3 d6 19. Nd2 Ne7 20. Nxe7+ 
Bxe7 21. Re1 Qb6 22. Nf1 Bf8 23. Ne3 Ra7 24. Nd5 Qd8 25. a4 Qd7 26. axb5 
axb5 27. Rxa7 Qxa7 28. Qa1 Ra8 29. Qxa7 Rxa7 30. f3 f6 31. g4 Kf7 32. h4 
Be7 33. Nxe7 Kxe7 34. Kf2 Ra2 35. Rb1 Ke6 36. Ke3 d5 37. exd5+ Kxd5 38. 
Kd2 c4 39. dxc4+ Kxc4 40. Kc2 Ra7 1/2-1/2

[Event "2021 Server Team Champ, S10530"]
[Site "CCLA"]
[Date "2021.10.15"]
[Round "?"]
[White "Zarges, Ron V."]
[Black "Stewart, Douglas"]
[Result "0-1"]
[WhiteElo "2184"]
[BlackElo "2375"]
[Board "2"]
[WhiteTeam "Norsemen"]
[BlackTeam "Woodpushers"]

1. e4 c5 2. Nf3 d6 3. Bb5+ Nd7 4. O-O a6 5. Bxd7+ Bxd7 6. Re1 Nf6 7. e5 
dxe5 8. Nxe5 Be6 9. Nc3 g6 10. d3 Bg7 11. a4 O-O 12. Bd2 Nd5 13. Qf3 Nb4 
14. Rac1 c4 15. d4 Qxd4 16. Bf4 Qb6 17. Ne4 f6 18. Be3 Qc7 19. Nxg6 hxg6 
20. Bc5 Nd5 21. Bd4 Qf4 22. Qxf4 Nxf4 23. Nc5 Kf7 24. g3 Nh3+ 25. Kg2 Ng5 
26. Nxe6 Nxe6 27. Bb6 Rac8 28. Rcd1 Rc6 29. Be3 Rd8 30. Rxd8 Nxd8 31. Bd4 
e5 32. Bc3 Rd6 33. Re4 b5 34. axb5 axb5 35. Bb4 Rd4 36. Re1 Nc6 0-1

[Event "2021 Server Team Champ, S10530"]
[Site "CCLA"]
[Date "2021.10.15"]
[Round "?"]
[White "Zarges, Ron V."]
[Black "Henderson, Scot"]
[Result "0-1"]
[WhiteElo "2184"]
[BlackElo "1705"]
[Board "2"]
[WhiteTeam "Norsemen"]
[BlackTeam "Pawntastics"]

1. e4 c5 2. Nf3 d6 3. Bb5+ Bd7 4. c4 a6 5. Bxd7+ Nxd7 6. d4 g6 7. O-O Bg7 
8. Be3 Ngf6 9. Nc3 O-O 10. h3 Qc7 11. Qd3 cxd4 12. Bxd4 Nc5 13. Qe2 e6 14.
 b4 Ncd7 15. Rac1 Rac8 16. Nb1 b5 17. c5 e5 18. Bb2 dxc5 19. bxc5 Nh5 20. 
Ba3 Nf4 21. Qc2 Rfd8 22. g3 Ne6 23. c6 Nb8 24. Nc3 Nxc6 25. Nd5 Qb7 26. 
Qb1 Kh8 27. Rc3 Ncd4 28. Nxd4 Nxd4 29. Rxc8 Rxc8 30. Kg2 a5 31. Rc1 b4 32.
 Bb2 h5 33. Rd1 Qb5 34. Rc1 Rd8 35. Bxd4 exd4 36. Rd1 f5 37. Nf4 Qc6 38. 
f3 fxe4 39. Qxe4 Qxe4 40. fxe4 Rd6 41. g4 hxg4 42. hxg4 Rc6 43. Rd2 Bh6 
44. Rf2 a4 45. Nd3 b3 46. axb3 axb3 0-1

[Event "2021 Server Team Champ, S10530"]
[Site "CCLA"]
[Date "2021.10.15"]
[Round "?"]
[White "Shannon, Paul D."]
[Black "Zarges, Ron V."]
[Result "1-0"]
[WhiteElo "1934"]
[BlackElo "2184"]
[Board "2"]
[WhiteTeam "Castles West"]
[BlackTeam "Norsemen"]

1. d4 Nf6 2. c4 e6 3. g3 c5 4. d5 b6 5. Nc3 Bb7 6. Bg2 d6 7. e4 Nbd7 8. 
Nge2 exd5 9. cxd5 a6 10. O-O Be7 11. Qc2 O-O 12. b3 b5 13. Bb2 b4 14. Nd1 
Rb8 15. Ne3 Qc7 16. Nf5 Rfe8 17. Nxe7+ Rxe7 18. Nd4 Ree8 19. Nf5 Ne5 20. 
f4 Ng6 21. Bxf6 gxf6 22. Qb2 Kf8 23. Qxf6 Re7 24. e5 1-0

[Event "2021 Server Team Champ, S10530"]
[Site "CCLA"]
[Date "2021.10.15"]
[Round "?"]
[White "Shannon, Paul D."]
[Black "Stewart, Douglas"]
[Result "0-1"]
[WhiteElo "1934"]
[BlackElo "2375"]
[Board "2"]
[WhiteTeam "Castles West"]
[BlackTeam "Woodpushers"]

1. e4 c5 2. Nc3 e6 3. f4 Nc6 4. Nf3 a6 5. a4 d5 6. e5 Nge7 7. Be2 Nf5 8. 
O-O Be7 9. d3 h5 10. Bd2 Qb6 11. Qc1 c4+ 12. Kh1 h4 13. dxc4 Ng3+ 0-1

[Event "2021 Server Team Champ, S10530"]
[Site "CCLA"]
[Date "2021.10.15"]
[Round "?"]
[White "Shannon, Paul D."]
[Black "Henderson, Scot"]
[Result "0-1"]
[WhiteElo "1934"]
[BlackElo "1705"]
[Board "2"]
[WhiteTeam "Castles West"]
[BlackTeam "Pawntastics"]

1. e4 c5 2. Nc3 Nc6 3. f4 g6 4. Nf3 Bg7 5. Bb5 Nd4 6. Nxd4 cxd4 7. Ne2 a6 
8. Bd3 d6 9. O-O Bg4 10. h3 Bd7 11. c3 dxc3 12. dxc3 Qb6+ 13. Kh1 Nf6 14. 
Qc2 Rc8 15. Bd2 O-O 16. Rad1 e5 17. fxe5 dxe5 18. Bg5 Rc6 19. Bxf6 Rxf6 
20. Rxf6 Qxf6 21. Ng3 Qf4 22. Kh2 h5 23. Qd2 Bh6 24. Qxf4 Bxf4 25. h4 g5 
26. Be2 Be6 0-1

[Event "2021 Server Team Champ, S10530"]
[Site "CCLA"]
[Date "2021.10.15"]
[Round "?"]
[White "Stewart, Douglas"]
[Black "Zarges, Ron V."]
[Result "1-0"]
[WhiteElo "2375"]
[BlackElo "2184"]
[Board "2"]
[WhiteTeam "Woodpushers"]
[BlackTeam "Norsemen"]

1. e4 c5 2. Nf3 e6 3. c3 Nf6 4. e5 Nd5 5. d4 cxd4 6. cxd4 b6 7. Nc3 Bb7 8.
 Bd3 Na6 9. a3 Nxc3 10. bxc3 Nc7 11. c4 Be7 12. O-O O-O 13. Be3 d5 14. Qb1
f5 15. exf6 Bxf6 16. Bxh7+ Kh8 17. Qg6 Qe8 18. Rfc1 Qxg6 19. Bxg6 dxc4 20.
 Rxc4 Nd5 21. a4 Ne7 22. Bd3 Nd5 23. Bf1 Nxe3 24. fxe3 Bd5 25. Rc2 Be7 26.
 Ne5 Be4 27. Bd3 Bxd3 28. Nxd3 Bg5 29. Re2 Rfc8 30. Ne5 Kg8 31. Nf3 Be7 
32. Kf2 Rc3 33. Raa2 Rac8 34. Nd2 Kf7 35. Ne4 R3c4 36. Reb2 Rd8 37. a5 Bb4
38. axb6 axb6 39. Ra7+ Kg6 40. Ke2 Ba5 41. Nd2 Rc6 42. Nf3 Rc1 43. Ne5+ 
Kh7 44. Nd3 Rc6 45. Re7 Rf8 46. Ne5 Rc1 47. Rxe6 Re1+ 48. Kd3 Rc8 49. Nc4 
Rd1+ 50. Ke2 Re1+ 51. Kd3 Rd1+ 52. Nd2 Rc3+ 53. Ke2 Rg1 54. Ne4 Rc8 55. 
Ng5+ Kg8 56. Kf2 Rgc1 57. Kf3 Rf1+ 58. Ke2 Rg1 59. Kf2 Rgc1 60. Kg3 Rf1 
61. Nf3 Rd1 62. Rb5 Rd8 63. Kf4 1-0

[Event "2021 Server Team Champ, S10530"]
[Site "CCLA"]
[Date "2021.10.15"]
[Round "?"]
[White "Stewart, Douglas"]
[Black "Shannon, Paul D."]
[Result "1-0"]
[WhiteElo "2375"]
[BlackElo "1934"]
[Board "2"]
[WhiteTeam "Woodpushers"]
[BlackTeam "Castles West"]

1. e4 e5 2. Nf3 Nc6 3. Bc4 Nf6 4. d3 Be7 5. O-O O-O 6. Re1 d6 7. a4 Bg4 8.
 c3 h6 9. a5 Qd7 10. a6 b6 11. Bb5 Qe8 12. h3 Bd7 13. Qa4 Nb8 14. Bxd7 
Qxd7 15. Qc2 c5 16. Qe2 Nc6 17. Na3 Rfe8 18. Nh4 Bf8 19. Qf3 Qe6 20. Nf5 
Ne7 21. Nb5 Nxf5 22. Nc7 Nh4 23. Qg3 Qe7 24. Nxa8 Ng6 25. Nxb6 axb6 26. b4
cxb4 27. cxb4 b5 28. a7 Ra8 29. Qe3 Qb7 30. Bb2 d5 31. exd5 Nxd5 32. Qe4 
Bxb4 33. Rec1 Qd7 34. Bxe5 Nxe5 35. Qxe5 Bd6 36. Qd4 Nf4 37. Kf1 Qe7 38. 
Qe4 Qf8 39. Ra6 f5 40. Qc6 Be5 41. g3 Bd4 42. gxf4 Rxa7 43. Rxa7 Bxa7 44. 
Qe6+ 1-0

[Event "2021 Server Team Champ, S10530"]
[Site "CCLA"]
[Date "2021.10.15"]
[Round "?"]
[White "Stewart, Douglas"]
[Black "Henderson, Scot"]
[Result "1/2-1/2"]
[WhiteElo "2375"]
[BlackElo "1705"]
[Board "2"]
[WhiteTeam "Woodpushers"]
[BlackTeam "Pawntastics"]

1. e4 c5 2. Nf3 d6 3. d4 cxd4 4. Nxd4 Nf6 5. Nc3 Nc6 6. Bg5 e6 7. Qd2 a6 
8. O-O-O Qc7 9. f4 Be7 10. Kb1 h6 11. Bxf6 gxf6 12. f5 Ne5 13. Be2 h5 14. 
Nf3 Nxf3 15. Bxf3 Bd7 16. g3 Rc8 17. fxe6 fxe6 18. Qe2 Qa5 19. e5 Rxc3 20.
 bxc3 fxe5 21. Bxh5+ Kd8 22. Bf3 Qxc3 23. Rd3 Qc7 24. Rb3 d5 25. Rd1 e4 
26. Bxe4 dxe4 27. Qxe4 Kc8 28. Rxd7 Qxd7 29. Rc3+ Kb8 30. Qe5+ Ka7 31. 
Qxh8 Qb5+ 32. Ka1 Qf1+ 33. Kb2 Bf6 34. Qh5 Bxc3+ 35. Kxc3 Qa1+ 36. Kd3 
Qxa2 37. Qc5+ Kb8 38. h4 Qb1 39. Qd6+ 1/2-1/2

[Event "2021 Server Team Champ, S10530"]
[Site "CCLA"]
[Date "2021.10.15"]
[Round "?"]
[White "Henderson, Scot"]
[Black "Zarges, Ron V."]
[Result "1/2-1/2"]
[WhiteElo "1705"]
[BlackElo "2184"]
[Board "2"]
[WhiteTeam "Pawntastics"]
[BlackTeam "Norsemen"]

1. d4 Nf6 2. c4 e6 3. Nf3 Bb4+ 4. Bd2 Qe7 5. Qc2 Bxd2+ 6. Nbxd2 d6 7. g3 
e5 8. Bg2 O-O 9. O-O e4 10. Ng5 e3 11. Nde4 Nxe4 12. Nxe4 Nc6 13. fxe3 f5 
14. d5 Nd8 15. Nc3 Qxe3+ 16. Kh1 a6 17. Rf3 Qh6 18. e4 Nf7 19. exf5 Ne5 
20. Rf4 Bd7 21. Raf1 g5 22. fxg6 Nxg6 23. Rxf8+ Rxf8 24. Rxf8+ Qxf8 25. 
Qe2 Ne5 26. Ne4 Bg4 27. Qf2 Qxf2 28. Nxf2 Bf5 29. b3 Bb1 30. a3 Ba2 
1/2-1/2

[Event "2021 Server Team Champ, S10530"]
[Site "CCLA"]
[Date "2021.10.15"]
[Round "?"]
[White "Henderson, Scot"]
[Black "Shannon, Paul D."]
[Result "1-0"]
[WhiteElo "1705"]
[BlackElo "1934"]
[Board "2"]
[WhiteTeam "Pawntastics"]
[BlackTeam "Castles West"]

1. e4 e6 2. d4 d5 3. Nd2 Nf6 4. Bd3 c5 5. e5 Nfd7 6. c3 Nc6 7. Ne2 cxd4 8.
 cxd4 Qb6 9. Nf3 f6 10. exf6 Nxf6 11. O-O Bd6 12. Ng3 O-O 13. Re1 Bd7 14. 
Bg5 Ng4 15. Qb3 Qxb3 16. axb3 e5 17. dxe5 Ncxe5 18. Nxe5 Bxe5 19. h3 Bxb2 
20. hxg4 Bxa1 21. Rxa1 Bxg4 22. Be3 a6 23. f3 Be6 24. Bd4 Rac8 25. Re1 Rc6
26. b4 g6 27. b5 axb5 28. Bxb5 Kf7 29. Bxc6 bxc6 30. Rb1 Bd7 31. Bc5 Ra8 
32. Rb7 Ke6 33. Ne2 Rd8 34. Nd4+ Ke5 35. Bb6 1-0

[Event "2021 Server Team Champ, S10530"]
[Site "CCLA"]
[Date "2021.10.15"]
[Round "?"]
[White "Henderson, Scot"]
[Black "Stewart, Douglas"]
[Result "1-0"]
[WhiteElo "1705"]
[BlackElo "2375"]
[Board "2"]
[WhiteTeam "Pawntastics"]
[BlackTeam "Woodpushers"]

1. b3 Nf6 2. Bb2 g6 3. e4 d6 4. f4 Bg7 5. Be2 O-O 6. Bf3 c5 7. Nc3 Nc6 8. 
Nge2 Bg4 9. Bxg4 Nxg4 10. O-O Nf6 11. d3 Nd7 12. Qd2 b5 13. Rae1 c4 14. 
Nd1 Qb6+ 15. Kh1 Qa6 16. Bxg7 Kxg7 17. dxc4 bxc4 18. Ne3 cxb3 19. axb3 
Rac8 20. e5 Rfd8 21. exd6 exd6 22. Nd5 Re8 23. c4 f6 24. Nec3 Qa3 25. Ne4 
Qxb3 26. Rb1 Qxb1 27. Rxb1 Rxe4 28. Rb7 Rd8 29. Qc3 Re6 30. g4 h6 31. Nxf6
Rxf6 32. g5 hxg5 33. fxg5 Ne5 34. gxf6+ Kxf6 35. Qd4 1-0

[Event "2021 Server Team Champ, S10530"]
[Site "CCLA"]
[Date "2021.10.15"]
[Round "?"]
[White "Cacas, Alexander"]
[Black "Cofer, David"]
[Result "1-0"]
[WhiteElo "1677"]
[BlackElo "2087"]
[Board "3"]
[WhiteTeam "Castles West"]
[BlackTeam "Woodpushers"]

1. e4 e6 2. d4 d5 3. Nd2 Nf6 4. e5 Nfd7 5. Bd3 c5 6. c3 Nc6 7. Ne2 cxd4 8.
 cxd4 f6 9. exf6 Nxf6 10. Nf3 Bd6 11. O-O O-O 12. Bf4 Bxf4 13. Nxf4 Ne4 
14. g3 Bd7 15. Re1 g5 16. Bxe4 dxe4 17. Rxe4 gxf4 18. Rxf4 Rxf4 19. gxf4 
Qf8 20. Qd2 Qf5 21. Qe3 Rf8 22. Ne5 Nxe5 23. fxe5 Qg6+ 24. Qg3 Qxg3+ 25. 
fxg3 Rf4 26. gxf4 b6 27. Rc1 Bb5 28. Rc7 a6 29. Kf2 Be8 30. Rc8 1-0